000 00786cab a2200229 4500
001 WB3419-31
008 090401t1998 xxu||||| |||| 00| 0 eng d
035 _a(Sirsi) u86327
041 _aeng
245 _aLow homes target for South West
260 _c1998
350 _a0
490 _aPlanning (for the Natural and Built Environment)
_v(1268) 15 May 1998, 4(1)
520 _aThe South West Regional Planning Conference is expected to recommend at least 412,000 new homes for the region, 54,000 below the government`s household projections target for 2016.
650 _aGREEN BELT LAND
650 _aNEW HOMES
650 _aPROJECTIONS
650 _aSOUTH WEST REGIONAL PLANNING CONFERENCE
690 _aPLANNING LAW AND PRACTICE
942 _n0
948 _c21/05/1998
999 _c54322
_d54322